Všechno o orchidejích /

Obrazová publikace nabízí informace o stovce nejzajímavějších evropských druhů i kříženců orchidejí, o jejich původu, zvláštnostech, rozšíření, morfologii a fyziologii. Přináší také praktické rady pro jejich pěstování.

Hlavní autor: Potůček, Oldřich, 1929-2009
Další autoři: Klaeber, Wolfgang, Vlčko, Jaroslav, 1964-, Čačko, Ľubor, 1960-
Jazyk: Čeština
Vydáno: Praha : Slovart, 1996
Vydání: 1. čes. vyd.
Témata:
Fyzický popis: 96 s. : il. ; 28 cm
Knihy
Uloženo v:
LEADER 01488nam a2200385 a 4500
001 000084141
003 CZ BrMZK
005 20220120193340.0
007 ta
008 960815s1996 xr e f 0 cze d
015 |a cnb000148537 
020 |a 80-85871-43-2 
035 |a (OCoLC)84917874 
040 |a BOA001  |b cze 
072 7 |a 58  |x Botanika  |2 Konspekt  |9 2 
080 |a 582.581  |2 MRF 
080 |a 635.9.01/.04  |2 MRF 
080 |a (035)  |2 MRF 
080 |a (084.12)  |2 MRF 
100 1 |a Potůček, Oldřich,  |d 1929-2009  |7 hka2010561604  |4 aut 
245 1 0 |a Všechno o orchidejích /  |c Oldřich Potůček, L'ubor Čačko ; [fotografie: L'ubor Čačko, Wolfgang Klaeber, Jaroslav Vlčko] 
250 |a 1. čes. vyd. 
260 |a Praha :  |b Slovart,  |c 1996 
300 |a 96 s. :  |b il. ;  |c 28 cm 
520 |a Obrazová publikace nabízí informace o stovce nejzajímavějších evropských druhů i kříženců orchidejí, o jejich původu, zvláštnostech, rozšíření, morfologii a fyziologii. Přináší také praktické rady pro jejich pěstování. 
650 0 7 |a vstavačovité  |7 ph116637  |2 czenas 
650 0 7 |a pěstování okrasných rostlin  |7 ph134962  |2 czenas 
655 7 |a příručky  |7 fd133209  |2 czenas 
655 7 |a fotografické publikace  |7 fd132276  |2 czenas 
700 1 |a Klaeber, Wolfgang  |4 pht 
700 1 |a Vlčko, Jaroslav,  |d 1964-  |7 ola2003186235  |4 pht 
700 1 |a Čačko, Ľubor,  |d 1960-  |4 pht 
765 0 |t Všetko o orchideách 
910 |a BOA001  |b 4-1022.788 
990 |a BK